000 00295nam a2200109Ia 4500
008 230907s9999||||xx |||||||||||||| ||und||
082 _a338.064
_bECO
245 4 _aThe economics of innovation policy /
260 _aEdward Elgar Pub.,
_bCheltenham :
_c2008
300 _a2 vol set. :
942 _cBK
999 _c599131
_d599131